The McGraw-Hill Pocket Guide to Business Finance (Record no. 34507)

MARC details
000 -LEADER
fixed length control field 00400nam a2200145Ia 4500
008 - FIXED-LENGTH DATA ELEMENTS--GENERAL INFORMATION
fixed length control field 231019s9999 xx 000 0 und d
020 ## - INTERNATIONAL STANDARD BOOK NUMBER
ISBN 0-07-057577-0
082 ## - DEWEY DECIMAL CLASSIFICATION NUMBER
Classification number 658.15
Item number SEI-T
100 ## - MAIN ENTRY--AUTHOR
Author Name Joel G. Siegel, Jae K. Shim & Stephen W. Hartman
245 #4 - TITLE STATEMENT
Title The McGraw-Hill Pocket Guide to Business Finance
260 ## - PUBLICATION, DISTRIBUTION, ETC.
Place of Publication USA
Name of publisher, distributor, etc. McGraw Hill
Date of publication, distribution, etc. 1992
300 ## - PHYSICAL DESCRIPTION
Pages 354
650 ## - SUBJECT ADDED ENTRY--TOPICAL TERM
Subject / Department Finance
952 ## - LOCATION AND ITEM INFORMATION (KOHA)
-- 0
-- 0
Holdings
Lost status Damaged status Permanent Location Current Location Date acquired Full Call Number Accession No./Barcode Date last seen item type
    Superior Information Resource Center (SIRC) Superior University - City Campus Superior Information Resource Center (SIRC) Superior University - City Campus 10/19/2023 658.15 SEI-T 28056 10/19/2023 BOOK

Powered by Koha